000 00745nam a2200241 a 4500
001 71294
003 BD-RjUL
005 20211209082110.0
008 170430s1982 ii a|||| |||| 00| 0 eng d
035 _a(BD-RjUL)71510
040 _aBD-RjUL
_beng
_cBD-RjUL
_dBD-RjUL
041 _aeng
082 _223
_a425
_bWRH 1982
100 _aWren, P. C.
_9210961
245 _aHigh School English Grammer and Composition /
_cP. C. Wren; H. Martin; Revised by N.D.V. Prasada Rao
250 _a11th & Rev. Hund. ed.
260 _aNew Delhi :
_bS. Chand,
_c1982.
300 _axv, 680 p. :
_bil. ;
_c12 cm.
650 _aGrammar of standard English
_9210962
700 _aMartin, H.
_9152854
700 _aRao, N.D.V. Prasada
_9210963
942 _2ddc
_cBK
999 _c71294
_d71294